[Event "25th Hoogeveen op"]
[Site "Hoogeveen NED"]
[Date "2022.10.19"]
[Round "5.34"]
[White "Zecha, Oscar"]
[Black "Mader, Fabian"]
[Result "1/2-1/2"]
[WhiteElo "1854"]
[BlackElo "1735"]
[EventDate "2022.10.15"]
[PlyCount "111"]

1.e4 c5 2.Nf3 Nc6 3.d4 cxd4 4.Nxd4 Nf6 5.Nc3 e5 6.Ndb5 d6 7.Bg5 a6 8.Na3 
b5 9.Nd5 Be7 10.Bxf6 Bxf6 11.c4 b4 12.Nc2 O-O 13.Qf3 Bg5 14.h4 Bh6 15.g4 
f6 16.Rg1 Be6 17.Bh3 Bf4 18.b3 a5 19.Nxf4 exf4 20.Qxf4 a4 21.Rd1 axb3 22.
axb3 Ne5 23.Qe3 Ra2 24.Nd4 Bf7 25.f4 Nxc4 26.bxc4 Bxc4 27.Bf1 Bxf1 28.Qb3+
d5 29.Qxa2 Bc4 30.Qb2 Re8 31.Rd2 Rxe4+ 32.Ne2 Qb6 33.Rg3 d4 34.Kd1 d3 35.
Rgxd3 Bxd3 36.Rxd3 Qf2 37.Qa2+ Kf8 38.Rd8+ Ke7 39.Rd7+ Kxd7 40.Qd5+ Kc7 
41.Qxe4 Qxh4 42.Qe7+ Kc6 43.Qe8+ Kd5 44.Qd7+ Ke4 45.Qf5+ Ke3 46.Qe6+ Kf3 
47.Nd4+ Kxf4 48.Qf5+ Kg3 49.Qf3+ Kh2 50.Qe2+ Kh3 51.Qf1+ Kxg4 52.Qf5+ Kg3 
53.Qf3+ Kh2 54.Qe2+ Kh3 55.Qf1+ Kg4 56.Qf5+ 1/2-1/2

[Event "25th Hoogeveen op"]
[Site "Hoogeveen NED"]
[Date "2022.10.19"]
[Round "5.35"]
[White "Niemeijer, Leon"]
[Black "Warnk, Torsten"]
[Result "1-0"]
[WhiteElo "1841"]
[BlackElo "1709"]
[EventDate "2022.10.15"]
[PlyCount "141"]

1.d4 d5 2.c4 e6 3.Nf3 Nf6 4.g3 c5 5.cxd5 Nxd5 6.Nc3 Nc6 7.dxc5 Bxc5 8.Nxd5
Qxd5 9.Qxd5 exd5 10.a3 O-O 11.Bg2 Re8 12.b4 Bb6 13.Ra2 Be6 14.O-O Rad8 15.
Rd2 h6 16.Bb2 Bg4 17.Rfd1 Be6 18.Nd4 Bg4 19.Nf3 Re7 20.h3 Be6 21.e3 Red7 
22.Ne5 Nxe5 23.Bxe5 f6 24.Bd4 Bxd4 25.Rxd4 Kf7 26.g4 Ke7 27.f4 g6 28.Kf2 
Rc8 29.Bxd5 Rc2+ 30.Kf3 Rc3 31.Bxe6 Rxd4 32.Rxd4 Kxe6 33.a4 Ra3 34.b5 Ra2 
35.Re4+ Kd6 36.Rd4+ Ke6 37.Re4+ Kd6 38.f5 gxf5 39.gxf5 h5 40.Re6+ Kd5 41.
Rxf6 Ke5 42.Re6+ Kxf5 43.Re4 Rh2 44.Rf4+ Kg5 45.Kg3 Re2 46.h4+ Kg6 47.Kf3 
Ra2 48.Rd4 Kf6 49.Ke4 Ke6 50.Kf4 Rf2+ 51.Kg5 Rf5+ 52.Kg6 Re5 53.Rd8 Ke7 
54.Rb8 b6 55.Rb7+ Kd6 56.Rxa7 Rxe3 57.Kxh5 Rg3 58.Kh6 Rg4 59.h5 Kc5 60.Kh7
Rg5 61.h6 Kb4 62.Ra6 Kc5 63.Kh8 Rg4 64.h7 Rg6 65.a5 Rd6 66.Rxb6 Rd8+ 67.
Kg7 Rd7+ 68.Kg6 Rd8 69.Rb7 Kb4 70.Kg7 Kxa5 71.h8=Q 1-0

[Event "25th Hoogeveen op"]
[Site "Hoogeveen NED"]
[Date "2022.10.19"]
[Round "5.36"]
[White "Uneken, Bert"]
[Black "Aravindhan, Achyuth"]
[Result "0-1"]
[WhiteElo "1803"]
[BlackElo "1907"]
[EventDate "2022.10.15"]
[PlyCount "82"]

1.e4 c5 2.c3 d5 3.exd5 Qxd5 4.Nf3 Bg4 5.Be2 Nf6 6.Na3 Nc6 7.O-O e6 8.Nc2 
Bh5 9.d4 Rd8 10.Ne3 Qd6 11.Qb3 cxd4 12.cxd4 Qc7 13.d5 Nxd5 14.Rd1 Nf4 15.
Rxd8+ Qxd8 16.Bb5 Bxf3 17.gxf3 Bd6 18.Bxc6+ bxc6 19.Qc4 Qc7 20.Bd2 O-O 21.
Rc1 Rb8 22.b3 Qe7 23.Ng4 Qg5 24.Kf1 h5 25.h4 Qf5 26.Ne3 Qh3+ 27.Ke1 Qh1+ 
28.Nf1 Qxf3 29.Bxf4 Bxf4 30.Qxc6 Qg4 31.Rc4 Rd8 32.Ne3 Qg1+ 33.Ke2 Bxe3 
34.Kxe3 Qe1+ 35.Kf3 Qh1+ 36.Ke3 Rd5 37.Qc7 Qd1 38.Rc3 Qd2+ 39.Kf3 Rf5+ 40.
Ke4 Rxf2 41.Qg3 f5+ 0-1

[Event "25th Hoogeveen op"]
[Site "Hoogeveen NED"]
[Date "2022.10.19"]
[Round "5.37"]
[White "Winkel, Ruud"]
[Black "Hanna-Matrr, David"]
[Result "0-1"]
[WhiteElo "1663"]
[BlackElo "1904"]
[EventDate "2022.10.15"]
[PlyCount "98"]

1.f4 d5 2.Nf3 g6 3.d4 Bg7 4.e3 c5 5.c3 cxd4 6.exd4 Nf6 7.Bd3 O-O 8.Nbd2 b6
9.O-O Ba6 10.Qe2 Bxd3 11.Qxd3 Nc6 12.Ne5 Qc7 13.Ndf3 e6 14.g4 Nxe5 15.Nxe5
Ne4 16.f5 g5 17.Nf3 h6 18.Be3 exf5 19.gxf5 Rfe8 20.Ne5 a6 21.Rf3 f6 22.Ng6
b5 23.Bf2 Qc4 24.Qxc4 bxc4 25.h4 Kf7 26.Re1 Nd6 27.h5 Rxe1+ 28.Bxe1 Re8 
29.Kf2 Rb8 30.b4 cxb3 31.axb3 Rxb3 32.Ke2 Ne4 33.Kd3 a5 34.Kc2 a4 35.Re3 
Rb7 36.c4 Nd6 37.cxd5 Nxf5 38.Rd3 Rc7+ 39.Rc3 Nxd4+ 40.Kd3 Rxc3+ 41.Bxc3 
Nf5 42.Be1 Ne7 43.Nxe7 Kxe7 44.Ke4 Bf8 45.Kf5 Kf7 46.Bc3 Be7 47.Bd4 a3 48.
Bc3 a2 49.Bb2 g4 0-1

[Event "25th Hoogeveen op"]
[Site "Hoogeveen NED"]
[Date "2022.10.19"]
[Round "5.38"]
[White "Van Heeren, Arie"]
[Black "Van de Poel, Taco"]
[Result "0-1"]
[WhiteElo "1755"]
[BlackElo "1881"]
[EventDate "2022.10.15"]
[PlyCount "114"]

1.e4 c5 2.Nf3 d6 3.d4 cxd4 4.Nxd4 Nf6 5.Nc3 Nc6 6.Bb5 Bd7 7.f3 e5 8.Nb3 a6
9.Be2 Be7 10.Be3 a5 11.Na4 O-O 12.Bb6 Qb8 13.a3 Be6 14.Nc3 a4 15.Nc1 Nd7 
16.Bf2 f5 17.O-O f4 18.Bb5 Qe8 19.Bxa4 Rxa4 20.Nxa4 Qh5 21.Ne2 Rf6 22.Ng3 
fxg3 23.Bxg3 g5 24.Nc3 Rh6 25.Nd5 Bd8 26.c3 Ne7 27.Nxe7+ Bxe7 28.a4 Bc4 
29.Re1 Nc5 30.Rb1 Nb3 31.Kh1 Qe8 32.Qc2 Rg6 33.Bf2 Qxa4 34.Rg1 Qc6 35.Rbd1
b5 36.Be3 Qe8 37.Qf2 Rh6 38.g3 Qc6 39.Qg2 Rg6 40.Qc2 d5 41.Rg2 Nc5 42.Bxc5
Bxc5 43.b3 dxe4 44.bxc4 exf3 45.Rf2 bxc4 46.Qf5 g4 47.Rd7 Qe6 48.Qxe6+ 
Rxe6 49.Ra2 e4 50.Ra8+ Bf8 51.Kg1 e3 52.Rdd8 Rf6 53.Kf1 Kg7 54.Rac8 Ra6 
55.Ke1 Ra1+ 56.Rd1 f2+ 57.Ke2 Rxd1 0-1

[Event "25th Hoogeveen op"]
[Site "Hoogeveen NED"]
[Date "2022.10.19"]
[Round "5.39"]
[White "Land, Marc"]
[Black "Storkebaum, Ulrike"]
[Result "0-1"]
[WhiteElo "1826"]
[BlackElo "1768"]
[EventDate "2022.10.15"]
[PlyCount "110"]

1.e4 e5 2.Nf3 Nc6 3.Nc3 Nf6 4.a3 g6 5.d4 exd4 6.Nxd4 d6 7.Bb5 Bd7 8.Nxc6 
bxc6 9.Ba4 Bg7 10.O-O O-O 11.Bg5 h6 12.Bh4 Rb8 13.Bb3 Be6 14.f4 Bxb3 15.
cxb3 Qc8 16.e5 Ng4 17.Re1 dxe5 18.h3 Nf6 19.fxe5 Nh7 20.Na4 Re8 21.Bg3 Ng5
22.Nc5 Rd8 23.Qc2 Ne6 24.Ne4 Qb7 25.b4 Qb6+ 26.Bf2 Qb7 27.Nc5 Nxc5 28.Qxc5
Rd5 29.Qxa7 Qxa7 30.Bxa7 Ra8 31.Bf2 Bxe5 32.Rab1 f6 33.Be3 g5 34.Rec1 Rd3 
35.Kf2 Rd6 36.Rc5 Re8 37.b3 f5 38.Rc2 f4 39.Bc5 Rd3 40.a4 h5 41.a5 g4 42.
hxg4 hxg4 43.a6 Bf6 44.a7 g3+ 45.Kf1 Ra8 46.Ke2 Rd5 47.Rd1 Re8+ 48.Kf3 
Rxd1 49.Kxf4 Be5+ 50.Kg4 Ra8 51.Rc4 Kf7 52.Kf5 Bd6 53.Be3 Rd5+ 54.Kg4 Rd3 
55.Kf3 Rxb3 0-1

[Event "25th Hoogeveen op"]
[Site "Hoogeveen NED"]
[Date "2022.10.19"]
[Round "5.40"]
[White "Kompaan, Rick"]
[Black "Borggreve, Martin"]
[Result "1/2-1/2"]
[WhiteElo "1785"]
[BlackElo "1534"]
[EventDate "2022.10.15"]
[PlyCount "121"]

1.d4 d6 2.Nf3 f5 3.g3 Nf6 4.c4 e6 5.Bg2 Be7 6.O-O O-O 7.Qb3 c6 8.Nc3 Nbd7 
9.Nd2 Qb6 10.Qxb6 Nxb6 11.b4 e5 12.dxe5 dxe5 13.c5 Nbd5 14.Nxd5 Nxd5 15.a3
Be6 16.e4 Nc3 17.Re1 Rad8 18.Re3 Nd1 19.Re1 Nc3 20.exf5 Bxf5 21.Nf1 Bf6 
22.Bb2 e4 23.Ne3 Bd4 24.Rac1 Nb5 25.Bxd4 Rxd4 26.Nxf5 Rxf5 27.Bxe4 Rf8 28.
Re3 Kf7 29.Bb1 g6 30.Rce1 Rd7 31.Ba2+ Kf6 32.Re6+ Kg5 33.f4+ Kg4 34.R6e5 
Rd2 35.Be6+ Rf5 36.Bxf5+ gxf5 37.R1e2 Rd1+ 38.Kg2 Nd4 39.h3+ Kh5 40.g4+ 
Kg6 41.R2e3 h5 42.gxh5+ Kxh5 43.Rg3 Rd2+ 44.Kf1 Kh4 45.Rg2 Rd1+ 46.Re1 Rd3
47.Rg8 Kxh3 48.Rge8 Kg4 49.R1e3 Rd1+ 50.Kf2 Kxf4 51.Kg2 Rd2+ 52.Kf1 Nf3 
53.Re2 Rd1+ 54.Kf2 Rh1 55.R2e3 Rh2+ 56.Kf1 Nd4 57.Rd3 Nf3 58.Rde3 Kg4 59.
Rg8+ Kf4 60.Rge8 Kg4 61.Rg8+ 1/2-1/2

[Event "25th Hoogeveen op"]
[Site "Hoogeveen NED"]
[Date "2022.10.19"]
[Round "5.41"]
[White "Tawfiq, Abdul Karim"]
[Black "Bellamy, Linda"]
[Result "1-0"]
[WhiteElo "1777"]
[BlackElo "1401"]
[EventDate "2022.10.15"]
[PlyCount "125"]

1.d4 d5 2.c4 e6 3.Nc3 Be7 4.Nf3 Nf6 5.e3 b6 6.cxd5 exd5 7.Ne5 Bb7 8.Qa4+ 
c6 9.Bd3 O-O 10.O-O b5 11.Qc2 Nbd7 12.f4 h5 13.Ne2 Nxe5 14.fxe5 Ne4 15.
Bxe4 dxe4 16.Qxe4 Qd7 17.Nf4 g6 18.Qf3 Kg7 19.b3 Kh6 20.Ne2 Kh7 21.Bb2 f6 
22.exf6 Rxf6 23.Qe4 Rxf1+ 24.Rxf1 Rf8 25.Nf4 Rf5 26.h3 c5 27.Qe6 Qxe6 28.
Nxe6 Rxf1+ 29.Kxf1 cxd4 30.Bxd4 a5 31.Kf2 Bd6 32.Ng5+ Kg8 33.h4 Kf8 34.g3 
a4 35.Ne6+ Ke7 36.Nc5 axb3 37.axb3 Bc6 38.b4 Be8 39.e4 Kf7 40.Nd3 Ke6 41.
Kf3 Bc6 42.Nf4+ Kf7 43.Bc5 Be5 44.Ne2 Bd7 45.Nf4 Bg4+ 46.Kf2 Kf6 47.Nd5+ 
Kf7 48.Be3 Kg7 49.Bf4 Bd4+ 50.Ke1 Kf7 51.Kd2 Bd7 52.Kd3 Ba7 53.Bc7 Bf2 54.
Ke2 Bd4 55.Kf3 Be6 56.Kf4 Ke8 57.Be5 g5+ 58.hxg5 Bxe5+ 59.Kxe5 Bf7 60.Nc7+
Kd7 61.Nxb5 Kc6 62.Nd4+ Kb6 63.Kf6 1-0

[Event "25th Hoogeveen op"]
[Site "Hoogeveen NED"]
[Date "2022.10.19"]
[Round "6.1"]
[White "Bharath, Subramaniyam H"]
[Black "Hovhannisyan, Robert"]
[Result "1-0"]
[WhiteElo "2495"]
[BlackElo "2601"]
[EventDate "2022.10.15"]
[PlyCount "127"]

1.d4 d5 2.Nf3 Nf6 3.c3 Bf5 4.Qb3 Qc8 5.c4 c6 6.g3 e6 7.Bg2 Be7 8.O-O Nbd7 
9.Nc3 Ne4 10.Bf4 O-O 11.Rfc1 Nxc3 12.bxc3 dxc4 13.Qxc4 Ba3 14.Re1 Be4 15.
Qb3 Be7 16.Bh3 Nb6 17.Nd2 Bf5 18.Bg2 Bg6 19.e4 c5 20.a4 Rd8 21.a5 Nd7 22.
e5 Rb8 23.d5 c4 24.Qa2 exd5 25.e6 fxe6 26.Rxe6 Bf8 27.Bxd5 Bf7 28.Bxc4 Kh8
29.Re4 Bg6 30.Bxb8 Qxb8 31.Re2 Ne5 32.Ne4 Qc7 33.Be6 Qc6 34.Ng5 Qxc3 35.
Qb2 Qxb2 36.Rxb2 Be7 37.f4 Bxg5 38.fxg5 Nf3+ 39.Kf2 Nxg5 40.Bg4 b6 41.axb6
axb6 42.Rxb6 Ne4+ 43.Kg1 Nf6 44.Bf3 h6 45.Ra7 Bf5 46.Rb2 Rd3 47.Kg2 Rd4 
48.h3 Rd3 49.g4 Bd7 50.Rb8+ Kh7 51.Rd8 Bb5 52.Rxd3 Bxd3 53.Kg3 Kg8 54.Kf4 
Bc4 55.h4 Nh7 56.Ke5 Nf8 57.Be4 Be6 58.Kd6 Bxg4 59.Ke7 g5 60.Ra8 Kg7 61.
Rxf8 gxh4 62.Rf7+ Kg8 63.Bd5 h5 64.Kf6 1-0

[Event "25th Hoogeveen op"]
[Site "Hoogeveen NED"]
[Date "2022.10.19"]
[Round "6.2"]
[White "Romanov, Evgeny"]
[Black "Zwirs, Nico"]
[Result "1-0"]
[WhiteElo "2593"]
[BlackElo "2481"]
[EventDate "2022.10.15"]
[PlyCount "83"]

1.c4 e6 2.g3 d5 3.Bg2 Nf6 4.Nf3 dxc4 5.Qa4+ Bd7 6.Qxc4 c5 7.d4 Nc6 8.Nc3 
cxd4 9.Nxd4 Rc8 10.O-O Nxd4 11.Qxd4 Bc5 12.Qh4 Bc6 13.Bxc6+ Rxc6 14.Rd1 
Qb6 15.Bh6 Bf8 16.Rd2 e5 17.Be3 Qa5 18.a3 a6 19.Qg5 h6 20.Qf5 g6 21.Qf3 
Bg7 22.Nd5 Nxd5 23.Rxd5 Qc7 24.Rad1 O-O 25.Rd7 Qc8 26.b4 b6 27.Qd5 Re6 28.
Rc1 Qa8 29.Qxa8 Rxa8 30.Rcc7 Rf6 31.h4 Bf8 32.g4 e4 33.Bd4 Rd6 34.Rxd6 
Bxd6 35.Rd7 Bf8 36.Bxb6 Rc8 37.Ra7 Rc2 38.Ra8 Kg7 39.Bd4+ f6 40.g5 hxg5 
41.hxg5 Be7 42.gxf6+ 1-0

[Event "25th Hoogeveen op"]
[Site "Hoogeveen NED"]
[Date "2022.10.19"]
[Round "6.3"]
[White "Beerdsen, Thomas"]
[Black "De Boer, Eelke"]
[Result "1-0"]
[WhiteElo "2521"]
[BlackElo "2295"]
[EventDate "2022.10.15"]
[PlyCount "81"]

1.e4 e6 2.d4 d5 3.Nc3 Bb4 4.exd5 exd5 5.Bd3 Nf6 6.a3 Bxc3+ 7.bxc3 O-O 8.
Ne2 Nbd7 9.O-O c5 10.dxc5 Nxc5 11.Bg5 Bg4 12.f3 Bd7 13.Nf4 h6 14.Bh4 Nxd3 
15.Nxd3 Re8 16.Rb1 b6 17.Qd2 Rc8 18.Rfe1 Rxe1+ 19.Rxe1 Rc4 20.Bf2 Bf5 21.
Ne5 Rc8 22.g4 Be6 23.Bd4 Nd7 24.Ng6 Nc5 25.Nf4 Bd7 26.Nh5 Ne6 27.Rxe6 Bxe6
28.Bf6 Qd6 29.Bxg7 Bd7 30.Bd4 Kf8 31.Nf6 Ke7 32.Qxh6 Kd8 33.Qg5 Qe7 34.Kf2
Rc6 35.h4 Re6 36.h5 Re1 37.Qg8+ Be8 38.Qxe8+ Qxe8 39.Nxe8 Rxe8 40.h6 Ke7 
41.g5 1-0

[Event "25th Hoogeveen op"]
[Site "Hoogeveen NED"]
[Date "2022.10.19"]
[Round "6.4"]
[White "Fernandez, Daniel Howard"]
[Black "Mueer, Sebastian"]
[Result "1-0"]
[WhiteElo "2476"]
[BlackElo "2177"]
[EventDate "2022.10.15"]
[PlyCount "87"]

1.e4 c5 2.Nf3 d6 3.d4 cxd4 4.Qxd4 Nc6 5.Bb5 Bd7 6.Qd3 g6 7.c4 Bg7 8.O-O 
Nf6 9.Nc3 Ng4 10.Bxc6 Bxc6 11.h3 Nf6 12.Be3 O-O 13.b4 b6 14.Bd4 Qd7 15.a4 
Qb7 16.Rfe1 e5 17.b5 Bxe4 18.Nxe4 Nxe4 19.Rxe4 exd4 20.Rae1 d5 21.Re7 dxc4
22.Qxc4 Qc8 23.Rc7 Qf5 24.Nxd4 Bxd4 25.Qxd4 Rfd8 26.Qe4 Rd5 27.g4 Qxe4 28.
Rxe4 Rd6 29.Rf4 f5 30.gxf5 Rf6 31.Rh4 h5 32.fxg6 Raf8 33.g7 Rg6+ 34.Kf1 
Rxg7 35.Rxg7+ Kxg7 36.Rxh5 Rf4 37.Rg5+ Kf6 38.Rg4 Rf3 39.Kg2 Ra3 40.h4 Kf5
41.f3 Ra1 42.h5 Rc1 43.h6 Rc8 44.h7 1-0

[Event "25th Hoogeveen op"]
[Site "Hoogeveen NED"]
[Date "2022.10.19"]
[Round "6.5"]
[White "Van Foreest, Machteld"]
[Black "Moroni, Luca jr"]
[Result "0-1"]
[WhiteElo "2118"]
[BlackElo "2573"]
[EventDate "2022.10.15"]
[PlyCount "88"]

1.e4 d6 2.d4 e5 3.Nf3 exd4 4.Nxd4 Nf6 5.Nc3 Be7 6.Be2 O-O 7.O-O Re8 8.Re1 
Bf8 9.Bf1 c6 10.Bg5 h6 11.Bh4 Nbd7 12.Qd2 Nc5 13.f3 a5 14.Rad1 a4 15.a3 
Bd7 16.Qc1 Be7 17.Kh1 Nh5 18.Bxe7 Qxe7 19.g4 Nf6 20.Qf4 Rad8 21.Nf5 Bxf5 
22.exf5 Qxe1 23.Rxe1 Rxe1 24.Kg2 Re5 25.h4 Rde8 26.Bd3 b5 27.g5 hxg5 28.
hxg5 Nfd7 29.Kf2 d5 30.Qg4 Re1 31.f6 Nxd3+ 32.cxd3 Ne5 33.Qd4 Rh1 34.Kg3 
Rf1 35.f4 Ng6 36.Qc5 Rxf4 37.Qxc6 Re3+ 38.Kh2 Rf2+ 39.Kg1 Rxb2 40.Kf1 Rf3+
41.Kg1 Nf4 42.Qe8+ Kh7 43.Qe1 Rg2+ 44.Kh1 Rh3# 0-1

[Event "25th Hoogeveen op"]
[Site "Hoogeveen NED"]
[Date "2022.10.19"]
[Round "6.6"]
[White "Ernst, Sipke"]
[Black "Mellema, Andries"]
[Result "1-0"]
[WhiteElo "2532"]
[BlackElo "2155"]
[EventDate "2022.10.15"]
[PlyCount "59"]

1.e4 e6 2.d4 d5 3.Nc3 Bb4 4.e5 Ne7 5.h4 c5 6.a3 Bxc3+ 7.bxc3 Qc7 8.Rh3 
Nbc6 9.Nf3 Bd7 10.h5 h6 11.a4 cxd4 12.cxd4 Nb4 13.Kd2 Rc8 14.Ne1 f6 15.c3 
fxe5 16.cxb4 O-O 17.Rf3 Nf5 18.dxe5 Qxe5 19.Raa3 Nd6 20.Rxf8+ Rxf8 21.Nf3 
Ne4+ 22.Ke1 Qxh5 23.Qd4 a6 24.Bb2 Nf6 25.Ne5 Qe8 26.Rg3 Bxa4 27.Ng4 e5 28.
Nxf6+ Rxf6 29.Qxd5+ Kh8 30.Bc4 1-0

[Event "25th Hoogeveen op"]
[Site "Hoogeveen NED"]
[Date "2022.10.19"]
[Round "6.7"]
[White "Cornelisse, John"]
[Black "De Winter, Arthur"]
[Result "1-0"]
[WhiteElo "2160"]
[BlackElo "2390"]
[EventDate "2022.10.15"]
[PlyCount "53"]

1.e4 c5 2.Nf3 d6 3.Bb5+ Nd7 4.a4 Nf6 5.Nc3 g6 6.O-O Bg7 7.d4 cxd4 8.Nxd4 
O-O 9.Re1 Qc7 10.Bg5 h6 11.Bh4 Rb8 12.a5 a6 13.Bxd7 Qxd7 14.Na4 Qd8 15.Nb6
Nd7 16.Nd5 g5 17.Bg3 e6 18.Bxd6 exd5 19.Nf5 Re8 20.Nxg7 Kxg7 21.Qd4+ Qf6 
22.e5 Qf4 23.Qa7 b6 24.Bxb8 Nxb8 25.Qxb8 Bh3 26.Qxb6 Qg4 27.Qf6+ 1-0

[Event "25th Hoogeveen op"]
[Site "Hoogeveen NED"]
[Date "2022.10.19"]
[Round "6.8"]
[White "Kulkarni, Bhakti"]
[Black "Weihrauch, Jakob"]
[Result "0-1"]
[WhiteElo "2376"]
[BlackElo "2075"]
[EventDate "2022.10.15"]
[PlyCount "96"]

1.Nf3 Nf6 2.c4 e6 3.e3 b6 4.Nc3 Bb7 5.b3 Be7 6.Bb2 c5 7.Be2 Nc6 8.d4 cxd4 
9.Nxd4 Nxd4 10.Qxd4 Bc5 11.Qe5 O-O 12.Bf3 Qb8 13.Qg5 Be7 14.Ne4 h6 15.Qh4 
Bxe4 16.Bxe4 Bb4+ 17.Ke2 Nxe4 18.Qxe4 Rd8 19.Rad1 Qc8 20.Qe5 Bf8 21.Rd4 f6
22.Qe4 Qa6 23.a4 f5 24.Qd3 Qb7 25.Rg1 d5 26.g4 dxc4 27.Qxc4 Qf7 28.Rc1 
Rxd4 29.Qxd4 Bc5 30.Qc4 Rf8 31.f3 Bd6 32.Rg1 f4 33.e4 Bc5 34.Rd1 Qe7 35.
Qc3 Rf7 36.Qe1 Bb4 37.Qf2 Rf8 38.Qd4 Rc8 39.Rc1 Rd8 40.Qe5 Qd7 41.Qxg7+ 
Qxg7 42.Bxg7 Rd2+ 43.Kf1 Kxg7 44.Rc7+ Kf6 45.h4 Bc5 46.h5 Rf2+ 47.Ke1 Rxf3
48.Rh7 Kg5 0-1

[Event "25th Hoogeveen op"]
[Site "Hoogeveen NED"]
[Date "2022.10.19"]
[Round "6.9"]
[White "Heemskerk, Wim"]
[Black "Maatman, Nick"]
[Result "0-1"]
[WhiteElo "2142"]
[BlackElo "2341"]
[EventDate "2022.10.15"]
[PlyCount "70"]

1.Nf3 Nf6 2.g3 c5 3.Bg2 Nc6 4.O-O e5 5.c4 d5 6.cxd5 Nxd5 7.Nc3 Nc7 8.a3 
Rb8 9.Rb1 f6 10.d3 Be7 11.Be3 O-O 12.b4 cxb4 13.axb4 Nd4 14.Nd2 Bg4 15.
Nde4 f5 16.Nc5 b6 17.Nb3 Kh8 18.Nd2 Nce6 19.f3 Bh5 20.Nc4 Rc8 21.b5 Bf6 
22.Bf2 Nc5 23.Re1 Rc7 24.Ne3 Bf7 25.g4 g6 26.gxf5 gxf5 27.Bh3 Rg8+ 28.Kh1 
Bh4 29.Rf1 Be6 30.Nc4 Bxf2 31.Rxf2 Qh4 32.Qf1 Bxc4 33.dxc4 Rcg7 34.Bg2 f4 
35.Nd5 Nf5 0-1

[Event "25th Hoogeveen op"]
[Site "Hoogeveen NED"]
[Date "2022.10.19"]
[Round "6.10"]
[White "Ashwath, R."]
[Black "Sevcikova, Lucia"]
[Result "1-0"]
[WhiteElo "2340"]
[BlackElo "1931"]
[EventDate "2022.10.15"]
[PlyCount "93"]

1.d4 Nf6 2.Nf3 d5 3.c3 e6 4.Bf4 c5 5.e3 Nc6 6.Nbd2 Bd6 7.Bg3 O-O 8.Bd3 b6 
9.e4 dxe4 10.Nxe4 Nxe4 11.Bxe4 Bb7 12.Qa4 Na5 13.dxc5 Bxc5 14.Rd1 Qc8 15.
Bxb7 Nxb7 16.Rd7 Qe8 17.b3 Nd8 18.O-O f6 19.Rfd1 Rf7 20.Rxa7 Qxa4 21.Rxa4 
Rc8 22.Rc4 Nb7 23.Bf4 e5 24.Bc1 Ra8 25.b4 b5 26.Rxc5 Nxc5 27.bxc5 Rxa2 28.
Be3 Rc2 29.Rb1 Rxc3 30.Rxb5 Rc7 31.g4 Kf7 32.Rb6 h6 33.Kg2 Rc4 34.h3 Ra4 
35.Nd2 Ke7 36.Kf3 Kd7 37.Ne4 Rc6 38.Rb7+ Rc7 39.Rb6 Rc6 40.Rb8 Rc8 41.c6+ 
Rxc6 42.Rb7+ Ke8 43.Rxg7 h5 44.g5 f5 45.Nf6+ Kf8 46.Rb7 Rc3 47.g6 1-0

[Event "25th Hoogeveen op"]
[Site "Hoogeveen NED"]
[Date "2022.10.19"]
[Round "6.11"]
[White "Asatryan, Sona"]
[Black "Elgersma, Onno"]
[Result "1/2-1/2"]
[WhiteElo "2088"]
[BlackElo "2309"]
[EventDate "2022.10.15"]
[PlyCount "53"]

1.e4 c6 2.d4 d5 3.Nc3 dxe4 4.Nxe4 Nf6 5.Nxf6+ exf6 6.c3 Bd6 7.Bd3 O-O 8.
Ne2 Re8 9.O-O Be6 10.Bf4 g6 11.Qd2 a5 12.Ng3 Bxf4 13.Qxf4 Nd7 14.c4 Nb6 
15.b3 a4 16.Rad1 f5 17.h4 axb3 18.axb3 Ra3 19.Bc2 Ra2 20.Rd2 Bc8 21.Rfd1 
Qe7 22.h5 Qb4 23.Qg5 Qe7 24.Qf4 Qb4 25.Qg5 Qe7 26.Qf4 Qb4 27.h6 1/2-1/2

[Event "25th Hoogeveen op"]
[Site "Hoogeveen NED"]
[Date "2022.10.19"]
[Round "6.12"]
[White "Clemens, Adrian"]
[Black "Holinka, Henning"]
[Result "1/2-1/2"]
[WhiteElo "2082"]
[BlackElo "2245"]
[EventDate "2022.10.15"]
[PlyCount "108"]

1.d4 d5 2.c4 e6 3.Nf3 a6 4.cxd5 exd5 5.Nc3 c6 6.Bg5 Be7 7.Bxe7 Nxe7 8.e3 
Nd7 9.Bd3 Nf6 10.Qc2 O-O 11.O-O g6 12.b4 Bf5 13.a4 b5 14.Ne5 Qd6 15.Bxf5 
Nxf5 16.axb5 axb5 17.Qb2 Nd7 18.Nd3 Nb6 19.Rxa8 Rxa8 20.Ra1 Rxa1+ 21.Qxa1 
h5 22.Qa6 Nc4 23.Qc8+ Kg7 24.Nc5 Qf6 25.Qe8 h4 26.h3 Qd6 27.Qd7 Qf6 28.Qe8
g5 29.Ne2 Qd6 30.Qd7 Qf6 31.Qe8 Qd6 32.Qd7 Qxd7 33.Nxd7 f6 34.Nc5 Kf7 35.
Kf1 Nfd6 36.Ng1 Ke7 37.Nf3 Ne4 38.Nd3 Kd6 39.Ke2 Na3 40.Nfe1 Nc3+ 41.Kd2 
Ne4+ 42.Ke2 Nc4 43.Nc2 Ke7 44.f3 Nc3+ 45.Kf2 Kd6 46.Ke1 f5 47.Kf2 Ke6 48.
Ke1 Kf6 49.Kf2 Nd1+ 50.Ke2 Nc3+ 51.Kf2 Nd1+ 52.Ke2 Ndb2 53.Nxb2 Nxb2 54.
Ne1 Ke6 1/2-1/2

[Event "25th Hoogeveen op"]
[Site "Hoogeveen NED"]
[Date "2022.10.19"]
[Round "6.13"]
[White "Duchene, Rene"]
[Black "Markus, John Raymond"]
[Result "1-0"]
[WhiteElo "2170"]
[BlackElo "2059"]
[EventDate "2022.10.15"]
[PlyCount "121"]

1.Nf3 g6 2.c4 Bg7 3.Nc3 d6 4.d4 e5 5.e3 Nd7 6.Be2 Ne7 7.O-O O-O 8.b3 h6 9.
Re1 exd4 10.exd4 Nf6 11.h3 a6 12.Bf1 g5 13.Nh2 Ng6 14.g3 Bd7 15.Qf3 Rb8 
16.Be3 Qc8 17.Qg2 b5 18.cxb5 axb5 19.Rac1 b4 20.Na4 Be6 21.Qc6 Nd5 22.g4 
Nge7 23.Qc2 f5 24.Bg2 f4 25.Bd2 Bxd4 26.Nf3 Bg7 27.Qe4 Bf7 28.Nd4 c5 29.
Ne6 Bxe6 30.Qxe6+ Qxe6 31.Rxe6 f3 32.Bf1 Rf6 33.Rce1 Rxe6 34.Rxe6 Rd8 35.
Bc4 Kf8 36.Bc1 Nc3 37.Bb2 d5 38.Bd3 c4 39.bxc4 dxc4 40.Bxc4 Rd1+ 41.Kh2 
Nc6 42.Nxc3 Bxc3 43.Bb3 Re1 44.Bxc3 Rxe6 45.Bxb4+ Nxb4 46.Bxe6 Ke7 47.Bb3 
Nd3 48.Kg3 Nf4 49.Bd1 Kd6 50.Bxf3 Kc5 51.h4 Kb4 52.hxg5 hxg5 53.Bd1 Ka3 
54.Bb3 Nd3 55.Kf3 Ne5+ 56.Kg3 Nd3 57.Be6 Kb4 58.Kf3 Nf4 59.Bf7 Nd3 60.Ke3 
Ne5 61.Be6 1-0

[Event "25th Hoogeveen op"]
[Site "Hoogeveen NED"]
[Date "2022.10.19"]
[Round "6.14"]
[White "Hummel, Paul"]
[Black "Lootsma, Jan"]
[Result "1-0"]
[WhiteElo "2120"]
[BlackElo "1928"]
[EventDate "2022.10.15"]
[PlyCount "48"]

1.d4 e6 2.c4 d5 3.Nc3 Nf6 4.cxd5 exd5 5.Bg5 Be7 6.e3 a6 7.Bd3 b5 8.Nge2 
Bb7 9.Qc2 Nbd7 10.O-O O-O 11.Rac1 Rc8 12.Bf5 g6 13.Bh3 c5 14.dxc5 Rxc5 15.
Qd2 b4 16.Na4 Ne4 17.Bxe7 Qxe7 18.Qxb4 f5 19.Qxb7 Rb5 20.Qxa6 Rfb8 21.Rc8+
Rxc8 22.Qxc8+ Kg7 23.Nd4 Rb8 24.Qc7 Re8 1-0

[Event "25th Hoogeveen op"]
[Site "Hoogeveen NED"]
[Date "2022.10.19"]
[Round "6.15"]
[White "Mensing, Adrian"]
[Black "Arabi, Osama"]
[Result "1-0"]
[WhiteElo "2000"]
[BlackElo "2117"]
[EventDate "2022.10.15"]
[PlyCount "55"]

1.d4 d5 2.c4 c6 3.Nf3 Nf6 4.g3 dxc4 5.Bg2 b5 6.O-O Bb7 7.a4 e6 8.Ne5 Nd5 
9.b3 cxb3 10.Qxb3 a6 11.Bb2 Nd7 12.Nd3 Be7 13.Nd2 O-O 14.Rfc1 Qb6 15.Ne4 
a5 16.Nec5 Rfd8 17.e4 N5f6 18.Nxe6 fxe6 19.Qxe6+ Kf8 20.e5 Nd5 21.Be4 g6 
22.Bxg6 hxg6 23.Qxg6 Bf6 24.exf6 N7xf6 25.Ne5 Rd7 26.Nxd7+ Nxd7 27.Re1 b4 
28.Bc1 1-0

[Event "25th Hoogeveen op"]
[Site "Hoogeveen NED"]
[Date "2022.10.19"]
[Round "6.16"]
[White "Hari, Charan Sai Kalluri"]
[Black "Dehn, Marcus"]
[Result "1/2-1/2"]
[WhiteElo "1981"]
[BlackElo "2098"]
[EventDate "2022.10.15"]
[PlyCount "54"]

1.d4 Nf6 2.c4 d6 3.Nf3 g6 4.g3 Bg7 5.Bg2 O-O 6.O-O c6 7.Nc3 Nbd7 8.e4 Qc7 
9.Rb1 e5 10.d5 Nc5 11.Ne1 a5 12.h3 cxd5 13.cxd5 b5 14.Nxb5 Qb6 15.Nc3 Ba6 
16.Nc2 Bxf1 17.Qxf1 Qa6 18.Qxa6 Rxa6 19.Bf1 Raa8 20.f3 Nh5 21.g4 Nf4 22.
Nb5 Rfd8 23.Bd2 f5 24.exf5 gxf5 25.Nc7 Ra7 26.Nb5 Raa8 27.Nc7 Ra7 1/2-1/2

[Event "25th Hoogeveen op"]
[Site "Hoogeveen NED"]
[Date "2022.10.19"]
[Round "6.17"]
[White "Goeke, Bernd"]
[Black "Fuhrmann, Bahne"]
[Result "1-0"]
[WhiteElo "1957"]
[BlackElo "2063"]
[EventDate "2022.10.15"]
[PlyCount "101"]

1.Nf3 Nf6 2.c4 g6 3.Nc3 d5 4.cxd5 Nxd5 5.Qa4+ c6 6.Nxd5 Qxd5 7.e4 Qd6 8.d4
Bg7 9.Be3 O-O 10.Be2 Nd7 11.Rd1 Nb6 12.Qc2 Be6 13.O-O h6 14.a3 f5 15.Ne5 
f4 16.Bd2 Bxe5 17.Bb4 c5 18.dxe5 Qxe5 19.Qxc5 Qxc5 20.Bxc5 Kf7 21.Rd2 Rac8
22.b4 Nd7 23.Bd4 Rc7 24.Bb5 Nf6 25.Be5 Rcc8 26.f3 g5 27.Rfd1 a6 28.Bxf6 
Kxf6 29.Bd7 Rc3 30.Bxe6 Kxe6 31.Rd3 Rfc8 32.Kf2 Rc2+ 33.R1d2 Rc1 34.g3 Rh1
35.gxf4 gxf4 36.Kg2 Rcc1 37.Kh3 Kf6 38.Rd5 Rc3 39.Kg4 Rxa3 40.Kxf4 Rf1 41.
Rf5+ Kg6 42.Rg2+ Kh7 43.Rf7+ Kh8 44.Rg3 Rb3 45.Rxe7 Rxb4 46.Kf5 Rb6 47.f4 
a5 48.Rd3 Rg1 49.Rdd7 Ra6 50.Rxb7 a4 51.Ra7 1-0

[Event "25th Hoogeveen op"]
[Site "Hoogeveen NED"]
[Date "2022.10.19"]
[Round "6.18"]
[White "Ismail, Tamer"]
[Black "Snuverink, Marc"]
[Result "1-0"]
[WhiteElo "2018"]
[BlackElo "1776"]
[EventDate "2022.10.15"]
[PlyCount "63"]

1.d4 Nf6 2.c4 e5 3.dxe5 Ng4 4.Nf3 Bc5 5.e3 Nc6 6.Be2 Ngxe5 7.O-O O-O 8.
Nbd2 Re8 9.b3 Qf6 10.Nxe5 Nxe5 11.Ne4 Qe7 12.a3 d6 13.Nxc5 dxc5 14.Bb2 a5 
15.Qd2 Ra6 16.Rfd1 Rg6 17.Bxe5 Qxe5 18.Qd5 Qf6 19.Qxc5 Bh3 20.g3 Rg5 21.
Qxc7 Rf5 22.f4 g5 23.Ra2 gxf4 24.exf4 Qe6 25.Qxb7 Qe3+ 26.Kh1 Qf2 27.Qf3 
Qb6 28.g4 Rxf4 29.Qxf4 Qxb3 30.Rad2 h6 31.Bf3 Qc3 32.Rd8 1-0